[Event "Dueville op-B 1st"]
[Site "Dueville"]
[Date "2023.06.04"]
[Round "5"]
[White "Rossi, Gianni"]
[Black "Gennari, Andrea"]
[Result "0-1"]
[WhiteElo "1502"]
[BlackElo "1762"]
[PlyCount "76"]
[EventDate "2023.06.01"]
[EventType "swiss"]
[EventRounds "5"]
[EventCountry "ITA"]
[SourceTitle "EXT 2024"]
[Source "ChessBase"]
[SourceDate "2023.10.10"]
[SourceVersion "1"]
[SourceVersionDate "2023.10.10"]
[SourceQuality "1"]

1. d4 Nf6 2. f3 e6 3. e4 d5 4. e5 Nfd7 5. f4 c5 6. c3 Nc6 7. Nf3 Qb6 8. Be2 f6 9. 0-0 Be7 10. Kh1 0-0 11. a3 a5 12. Qd3 c4 13. Qc2 a4 14. Nbd2 Rd8 15. exf6 Nxf6 16. Ne5 Bd7 17. g4 Be8 18. g5 Ne4 19. Nxe4 Nxe5 20. fxe5 Bg6 21. Nf6+ gxf6 22. Qd1 fxe5 23. Bh5 Rf8 24. Bxg6 hxg6 25. Be3 Rxf1+ 26. Qxf1 Kg7 27. Qc1 e4 28. Bf4 Bd6 29. Rb1 Rf8 30. Bxd6 Qxd6 31. Qd1 Rh8 32. Qd2 Qf8 33. Kg1 Qf3 34. Rf1 Qg4+ 35. Qg2 Qxg2+ 36. Kxg2 Rh5 37. Rf6 Rxg5+ 38. Kh3 Kxf6 0-1

[Event "Dueville op-B 1st"]
[Site "Dueville"]
[Date "2023.06.03"]
[Round "3"]
[White "Ruaro, Carlo"]
[Black "Rossi, Gianni"]
[Result "1-0"]
[WhiteElo "1677"]
[BlackElo "1502"]
[PlyCount "96"]
[EventDate "2023.06.01"]
[EventType "swiss"]
[EventRounds "5"]
[EventCountry "ITA"]
[SourceTitle "EXT 2024"]
[Source "ChessBase"]
[SourceDate "2023.10.10"]
[SourceVersion "1"]
[SourceVersionDate "2023.10.10"]
[SourceQuality "1"]

1. d4 g6 2. c4 d6 3. Nc3 Bg7 4. e4 Nd7 5. Nf3 b6 6. Be2 Bb7 7. 0-0 e6 8. Be3 Ne7 9. Ne1 0-0 10. Qd2 f5 11. f3 e5 12. Nc2 Nf6 13. d5 f4 14. Bf2 g5 15. b4 Ng6 16. c5 Bc8 17. cxd6 cxd6 18. b5 g4 19. fxg4 Nxg4 20. Bf3 Nh4 21. Bxh4 Qxh4 22. h3 Ne3 23. Nxe3 fxe3 24. Qxe3 Bh6 25. Qf2 Qg5 26. Kh2 Bd7 27. Rab1 Qf6 28. Qe2 Bf4+ 29. g3 Bg5 30. Bg4 Qe7 31. Bxd7 Qxd7 32. Rxf8+ Rxf8 33. Rf1 Qe8 34. Rxf8+ Qxf8 35. h4 Bf6 36. Qg4+ Bg7 37. Qe6+ Qf7 38. Qxf7+ Kxf7 39. Kh3 Bh6 40. Kg4 Bd2 41. Nd1 Kg6 42. h5+ Kf6 43. Nf2 Be1 44. Nh3 h6 45. Ng1 Bf2 46. Nf3 Be3 47. Nh4 Ke7 48. Nf5+ Kd7 1-0

[Event "Mogliano Veneto op-B 43th"]
[Site "Mogliano Veneto"]
[Date "2023.04.24"]
[Round "3"]
[White "Rizzonelli, Simone"]
[Black "Rossi, Gianni"]
[Result "1-0"]
[WhiteElo "1291"]
[BlackElo "1566"]
[PlyCount "103"]
[EventDate "2023.04.23"]
[EventType "swiss"]
[EventRounds "5"]
[EventCountry "ITA"]
[SourceTitle "EXT 2024"]
[Source "ChessBase"]
[SourceDate "2023.10.10"]
[SourceVersion "1"]
[SourceVersionDate "2023.10.10"]
[SourceQuality "1"]

1. e4 g6 2. d4 Bg7 3. Nc3 b6 4. Be3 Bb7 5. Bd3 d6 6. Qd2 Nd7 7. h4 e5 8. d5 f5 9. exf5 gxf5 10. Bxf5 Ndf6 11. 0-0-0 Ne7 12. Be6 Ng6 13. Nf3 Nf8 14. Ng5 Nxe6 15. Nxe6 Qe7 16. Nb5 Nxd5 17. Nxg7+ Qxg7 18. Bh6 Qd7 19. Qe2 a6 20. Nd4 0-0-0 21. Nb3 Rhg8 22. f3 Rg6 23. Bd2 Rdg8 24. g4 Rf8 25. Rdf1 Nf4 26. Bxf4 Rxf4 27. Nd2 Qa4 28. a3 Bc6 29. h5 Rg8 30. Qd3 Bb5 31. Qxh7 Rgxg4 32. fxg4 Bxf1 33. Rxf1 Rxf1+ 34. Nxf1 Qf4+ 35. Nd2 Qxg4 36. Qg6 Qh4 37. Qf5+ Kb8 38. Qf3 d5 39. Kb1 e4 40. Qe2 Qg5 41. Nb3 e3 42. Nd4 Qf4 43. c3 Kb7 44. Nc2 d4 45. Nxd4 Qf2 46. h6 c5 47. Qf3+ Kb8 48. h7 Qg1+ 49. Ka2 Qg7 50. Qe4 Qf7+ 51. Nb3 Qg7 52. Qe8+ 1-0

[Event "Villorba op 1st"]
[Site "Villorba"]
[Date "2021.06.28"]
[Round "6"]
[White "Muetsch, Annmarie"]
[Black "Rossi, Gianni"]
[Result "1-0"]
[WhiteElo "2297"]
[BlackElo "1637"]
[PlyCount "51"]
[EventDate "2021.06.25"]
[EventType "swiss"]
[EventRounds "9"]
[EventCountry "ITA"]
[SourceTitle "CBM 203 Extra"]
[Source "ChessBase"]
[SourceDate "2021.09.30"]
[SourceVersion "1"]
[SourceVersionDate "2021.09.30"]
[SourceQuality "1"]

1. e4 Nf6 2. e5 Nd5 3. d4 d6 4. Nf3 Bg4 5. Be2 e6 6. exd6 cxd6 7. c4 Nb6 8. 0-0 Be7 9. a4 Nc6 10. d5 Bxf3 11. Bxf3 Ne5 12. dxe6 Nxf3+ 13. Qxf3 0-0 14. exf7+ Rxf7 15. Qe2 d5 16. Nd2 Rc8 17. cxd5 Qxd5 18. Nf3 Bf6 19. Be3 Rfc7 20. Rad1 Qb3 21. a5 Nc4 22. Bxa7 Nxa5 23. Rd3 Qb4 24. Qe6+ Kh8 25. Rfd1 Nc6 26. Rd8+ 1-0

[Event "Villorba op 1st"]
[Site "Villorba"]
[Date "2021.06.26"]
[Round "3"]
[White "Rossi, Gianni"]
[Black "Krupenko, Peter"]
[Result "0-1"]
[WhiteElo "1637"]
[BlackElo "1917"]
[PlyCount "70"]
[EventDate "2021.06.25"]
[EventType "swiss"]
[EventRounds "9"]
[EventCountry "ITA"]
[SourceTitle "CBM 203 Extra"]
[Source "ChessBase"]
[SourceDate "2021.09.30"]
[SourceVersion "1"]
[SourceVersionDate "2021.09.30"]
[SourceQuality "1"]

1. d4 d5 2. e4 dxe4 3. Nc3 Nf6 4. f3 exf3 5. Nxf3 Bg4 6. h3 Bh5 7. g4 Bg6 8. Ne5 Nbd7 9. Qf3 c6 10. Nxg6 hxg6 11. Be3 e6 12. Bd3 Bd6 13. 0-0-0 0-0 14. h4 Nd5 15. Nxd5 cxd5 16. h5 g5 17. h6 g6 18. h7+ Kh8 19. Rdf1 a6 20. Qh3 Rc8 21. Qh6 Be7 22. Rh2 Bf6 23. Rhf2 Bg7 24. Qh2 f5 25. gxf5 gxf5 26. c3 f4 27. Bd2 Bxd4 28. Kb1 Bxf2 29. Rxf2 e5 30. Bc2 e4 31. Be1 Ne5 32. Qh5 Qf6 33. Rg2 g4 34. Bh4 Qf5 35. Qh6 Rc6 0-1

[Event "Villorba op 1st"]
[Site "Villorba"]
[Date "2021.06.25"]
[Round "1"]
[White "Rossi, Gianni"]
[Black "Pompili, Alberto"]
[Result "0-1"]
[WhiteElo "1637"]
[BlackElo "1765"]
[PlyCount "106"]
[EventDate "2021.06.25"]
[EventType "swiss"]
[EventRounds "9"]
[EventCountry "ITA"]
[SourceTitle "CBM 203 Extra"]
[Source "ChessBase"]
[SourceDate "2021.09.30"]
[SourceVersion "1"]
[SourceVersionDate "2021.09.30"]
[SourceQuality "1"]

1. d4 d5 2. e4 e6 3. Be3 dxe4 4. f3 Nf6 5. fxe4 Nxe4 6. Nf3 Nd7 7. Bd3 Nef6 8. 0-0 Bd6 9. Nc3 c6 10. Bg5 Qc7 11. Qe1 b6 12. Ne4 Nxe4 13. Qxe4 h6 14. Bh4 Bb7 15. Qg4 g5 16. Nxg5 hxg5 17. Qxg5 Nf8 18. h3 Qe7 19. Qxe7+ Bxe7 20. Bxe7 Kxe7 21. Rf2 Nd7 22. Raf1 Raf8 23. c4 c5 24. d5 exd5 25. Re1+ Kd6 26. Rfe2 d4 27. Re7 Bc6 28. Bf5 f6 29. R1e6+ Kc7 30. Rxc6+ Kxc6 31. Rxd7 a5 32. Rg7 Rd8 33. Be4+ Kd6 34. Rb7 Rb8 35. Rf7 Rhf8 36. Rh7 Rbe8 37. Rh4 Re7 38. Kf2 f5 39. Rh6+ Re6 40. Rxe6+ Kxe6 41. Bd5+ Ke5 42. Kf3 b5 43. b3 bxc4 44. Bxc4 Rb8 45. g3 Rd8 46. Bd3 Ra8 47. Bb5 Ra7 48. h4 Rg7 49. Bd3 Rb7 50. Bc4 Rb4 51. g4 Rb6 52. Bg8 Rd6 53. Ke2 Rg6 0-1

[Event "Mogliano Veneto op 42nd"]
[Site "Mogliano Veneto"]
[Date "2021.04.24"]
[Round "3"]
[White "Rossi, Gianni"]
[Black "Oselladore, Miryam"]
[Result "1-0"]
[WhiteElo "1641"]
[BlackElo "1277"]
[PlyCount "35"]
[EventDate "2021.04.23"]
[EventType "swiss"]
[EventRounds "5"]
[EventCountry "ITA"]
[SourceTitle "EXT 2023"]
[Source "ChessBase"]
[SourceDate "2022.10.05"]
[SourceVersion "1"]
[SourceVersionDate "2022.10.05"]
[SourceQuality "1"]

1. d4 d5 2. e4 e6 3. Be3 Nf6 4. e5 Nfd7 5. f4 c5 6. c3 a6 7. Nf3 f6 8. Bd3 c4 9. Bc2 fxe5 10. fxe5 Be7 11. 0-0 0-0 12. Nbd2 Nc6 13. Qb1 h6 14. Qe1 Rf7 15. Qg3 Kh8 16. Qg6 Kg8 17. Qh7+ Kf8 18. Qh8# 1-0

[Event "Veneto-ch qf 79th"]
[Site "Padova"]
[Date "2020.02.22"]
[Round "2.28"]
[White "Muraro, Alberto"]
[Black "Rossi, Gianni"]
[Result "1-0"]
[WhiteElo "1897"]
[BlackElo "1684"]
[PlyCount "71"]
[EventDate "2020.02.21"]
[EventType "swiss"]
[EventRounds "3"]
[EventCountry "ITA"]
[SourceTitle "EXT 2024"]
[Source "ChessBase"]
[SourceDate "2023.10.10"]
[SourceVersion "1"]
[SourceVersionDate "2023.10.10"]
[SourceQuality "1"]

1. e4 Nf6 2. e5 Nd5 3. Bc4 e6 4. Nf3 Nb6 5. Bb3 d5 6. d4 c5 7. c3 Be7 8. 0-0 Nc6 9. Be3 cxd4 10. cxd4 0-0 11. Nc3 f6 12. Bc2 fxe5 13. Nxe5 Nxe5 14. dxe5 Nc4 15. Qd3 g6 16. Bh6 Nxe5 17. Qg3 Bd6 18. Bxf8 Qxf8 19. Nb5 Bb8 20. Rac1 Nc4 21. Qh4 Bd7 22. Nc3 Bf4 23. Rcd1 Bc6 24. Rd3 g5 25. Qg4 Qf5 26. Qxf5 exf5 27. Nxd5 Nxb2 28. Nxf4 gxf4 29. Bb3+ Kg7 30. Rd2 Na4 31. Rd4 Nc3 32. Re1 f3 33. gxf3 Bxf3 34. Rd3 Ne2+ 35. Kf1 Bg2+ 36. Kxe2 1-0

[Event "Veneto-ch qf 79th"]
[Site "Padova"]
[Date "2020.02.21"]
[Round "1.26"]
[White "Rossi, Gianni"]
[Black "Raccanello, Marianna"]
[Result "0-1"]
[WhiteElo "1684"]
[BlackElo "2055"]
[PlyCount "40"]
[EventDate "2020.02.21"]
[EventType "swiss"]
[EventRounds "3"]
[EventCountry "ITA"]
[SourceTitle "EXT 2024"]
[Source "ChessBase"]
[SourceDate "2023.10.10"]
[SourceVersion "1"]
[SourceVersionDate "2023.10.10"]
[SourceQuality "1"]

1. d4 Nf6 2. f3 g6 3. e4 d6 4. Nc3 Bg7 5. Be3 0-0 6. Qd2 Nbd7 7. 0-0-0 c6 8. g4 b5 9. Kb1 Nb6 10. Bd3 Qc7 11. h4 b4 12. Nce2 c5 13. Nc1 c4 14. Bf1 c3 15. Qh2 cxb2 16. Nb3 Na4 17. Bd2 Bxg4 18. e5 Bf5 19. Bxb4 Nd5 20. Ba5 Qxa5 0-1

[Event "Chioggia op-B 13th"]
[Site "Chioggia"]
[Date "2018.09.30"]
[Round "5"]
[White "Rossi, Sofia"]
[Black "Rossi, Gianni"]
[Result "1-0"]
[WhiteElo "1414"]
[BlackElo "1750"]
[PlyCount "85"]
[EventDate "2018.09.28"]
[EventType "swiss"]
[EventRounds "5"]
[EventCountry "ITA"]
[SourceTitle "EXT 2022"]
[Source "ChessBase"]
[SourceDate "2021.10.06"]
[SourceVersion "1"]
[SourceVersionDate "2021.10.06"]
[SourceQuality "1"]

1. c4 c5 2. g3 Nc6 3. Bg2 e5 4. Nc3 g6 5. e4 Bg7 6. Nge2 Nge7 7. 0-0 d6 8. d3 Be6 9. h3 0-0 10. Kh2 a6 11. Be3 Nd4 12. Qd2 Bxh3 13. Kxh3 Nec6 14. Bxd4 cxd4 15. Nd5 f5 16. exf5 gxf5 17. Kh2 Rc8 18. Rh1 Qe8 19. Kg1 Qg6 20. b4 e4 21. Nef4 Qe8 22. Re1 Ne5 23. dxe4 Nxc4 24. Qd1 Ne5 25. Qh5 Rc2 26. Qxh7+ Kf7 27. Qxf5+ Kg8 28. Qh7+ Kf7 29. Qh5+ Kg8 30. Qxe8 Rxe8 31. Re2 Rxe2 32. Nxe2 d3 33. Nec3 Kf7 34. Rh5 Nc4 35. Nd1 Rc8 36. Rf5+ Ke8 37. Rg5 Kf7 38. Bh3 Rh8 39. Be6+ Kf8 40. Rf5+ Ke8 41. Rf7 Bd4 42. Rc7 Bxf2+ 43. Nxf2 1-0

[Event "Treviso Lega op-B 2nd"]
[Site "Treviso"]
[Date "2018.03.02"]
[Round "1"]
[White "Bavaresco, Erik"]
[Black "Rossi, Gianni"]
[Result "1/2-1/2"]
[WhiteElo "1526"]
[BlackElo "1722"]
[PlyCount "64"]
[EventDate "2018.03.02"]
[EventType "swiss"]
[EventRounds "5"]
[EventCountry "ITA"]
[SourceTitle "EXT 2022"]
[Source "ChessBase"]
[SourceDate "2021.10.06"]
[SourceVersion "1"]
[SourceVersionDate "2021.10.06"]
[SourceQuality "1"]

1. d4 Nf6 2. Bg5 b6 3. e3 d6 4. Nf3 Bb7 5. Bd3 Nbd7 6. Nbd2 g6 7. c3 Bg7 8. 0-0 0-0 9. Qe2 c5 10. e4 cxd4 11. cxd4 e5 12. d5 Nc5 13. b4 Nxd3 14. Qxd3 Qd7 15. b5 Rac8 16. a4 Rc7 17. Rfc1 Rfc8 18. Rxc7 Qxc7 19. Nb3 Qc4 20. Qxc4 Rxc4 21. Bxf6 Bxf6 22. Nfd2 Rc2 23. Rc1 Rxc1+ 24. Nxc1 Bg5 25. Ncb3 Bc8 26. Nc4 Be7 27. f3 Bd7 28. Kf2 Kg7 29. Nc1 f5 30. h3 Kf7 31. Nd3 fxe4 32. fxe4 Bh4+ 1/2-1/2

[Event "Chioggia op-B 12th"]
[Site "Chioggia"]
[Date "2017.10.07"]
[Round "3"]
[White "Rossi, Gianni"]
[Black "Pasin, Mattia"]
[Result "1-0"]
[WhiteElo "1810"]
[BlackElo "1531"]
[PlyCount "91"]
[EventDate "2017.10.06"]
[EventType "swiss"]
[EventRounds "5"]
[EventCountry "ITA"]
[SourceTitle "EXT 2022"]
[Source "ChessBase"]
[SourceDate "2021.10.06"]
[SourceVersion "1"]
[SourceVersionDate "2021.10.06"]
[SourceQuality "1"]

1. d4 d5 2. e4 dxe4 3. Nc3 Nf6 4. f3 Nc6 5. d5 Ne5 6. fxe4 e6 7. Bb5+ Bd7 8. dxe6 fxe6 9. Nf3 Nxf3+ 10. Qxf3 Bb4 11. 0-0 0-0 12. Bxd7 Nxd7 13. Qd3 Ne5 14. Qxd8 Raxd8 15. Bf4 Ng4 16. Bxc7 Bc5+ 17. Kh1 Rxf1+ 18. Rxf1 Rd2 19. Bg3 Ne3 20. Rf2 Rxc2 21. Rxc2 Nxc2 22. Bf4 Bd4 23. g3 Bxc3 24. bxc3 Kf7 25. Kg1 Na3 26. Kf2 Nc4 27. Ke2 e5 28. Bc1 a5 29. Kd3 Nd6 30. c4 b6 31. Be3 b5 32. cxb5 Nxb5 33. a4 Nd6 34. Bb6 Nb7 35. Kc4 Ke6 36. Bc7 h5 37. Kb5 Nd6+ 38. Bxd6 Kxd6 39. Kxa5 Kc5 40. h4 g6 41. Ka6 Kc6 42. a5 Kc5 43. Kb7 Kd4 44. a6 Kxe4 45. a7 Kf3 46. a8Q 1-0

[Event "Mogliano Veneto op-B 38th"]
[Site "Mogliano Veneto"]
[Date "2017.04.29"]
[Round "1.20"]
[White "Feltrin, Francesco"]
[Black "Rossi, Gianni"]
[Result "1/2-1/2"]
[WhiteElo "1636"]
[BlackElo "1800"]
[PlyCount "60"]
[EventDate "2017.04.29"]
[EventType "swiss"]
[EventRounds "5"]
[EventCountry "ITA"]
[SourceTitle "EXT 2023"]
[Source "ChessBase"]
[SourceDate "2022.10.05"]
[SourceVersion "1"]
[SourceVersionDate "2022.10.05"]
[SourceQuality "1"]

1. e4 Nf6 2. e5 Nd5 3. d4 d6 4. Nf3 Bg4 5. Bc4 dxe5 6. dxe5 e6 7. 0-0 Be7 8. Re1 0-0 9. h3 Bh5 10. Nbd2 c6 11. Ne4 Qc7 12. Ng3 Bg6 13. Bxd5 cxd5 14. c3 Nc6 15. Bf4 b5 16. Nd4 Rab8 17. Nxc6 Qxc6 18. Ne2 b4 19. Nd4 Qa6 20. cxb4 Rxb4 21. b3 Bc5 22. Be3 Rc8 23. Qd2 Rbb8 24. Rec1 h6 25. Nf5 Bxf5 26. Bxc5 Rc6 27. b4 Rbc8 28. a4 Qb7 29. Qe3 Qc7 30. a5 Kh7 1/2-1/2